Plan de asistencia psiquiátrica en Cataluña : 1975 / Comisión Interprovincial de Estudios Regionales. Diputaciones Provinciales de Barcelona, Gerona, Lérida, Tarragona 1975 / Comisión Interprovincial de Estudios Regionales. Diputaciones Provinciales de Barcelona, Gerona, Lérida, Tarragona
Descripción Física:
169 p., [1] mapa plegat ; 29 cm
MARC
| LEADER | 00000nam a2200000Ia 4500 | ||
|---|---|---|---|
| 001 | 7831 | ||
| 008 | 160829s1976 xx 000 0 cat d | ||
| 080 | |a C-1-118 | ||
| 100 | |a Comisión Interprovincial de Estudios Regionales (Catalunya) |9 26118 | ||
| 245 | |a Plan de asistencia psiquiátrica en Cataluña : |b 1975 / Comisión Interprovincial de Estudios Regionales. Diputaciones Provinciales de Barcelona, Gerona, Lérida, Tarragona | ||
| 260 | |a Barcelona : |b [Diputación], |c 1976 | ||
| 300 | |a 169 p., [1] mapa plegat ; |c 29 cm | ||
| 650 | |a Assistència psiquiàtrica |x Catalunya |x Estadístiques |x 1975 |9 26119 | ||
| 710 | |a Tarragona (Catalunya : Província). |b Diputació |9 52402 | ||
| 710 | 1 | |a Lleida (Catalunya : Província). |b Diputació |9 52948 | |
| 710 | 1 | |a Girona (Catalunya : Província). |b Diputació |9 11479 | |
| 710 | 1 | |a Barcelona (Catalunya : Província). |b Diputació |9 52408 | |
| 901 | |a Arxiu | ||
| 942 | |n 1 | ||
| 952 | |0 0 |1 0 |4 0 |6 C1118 |7 1 |9 43887 |a Arxiu |b Arxiu |d 2016-12-01 |l 0 |o C-1-118 |p 7831 |r 2016-12-01 00:00:00 |w 2016-12-01 |y ARXIU | ||
| 999 | |c 46467 |d 46467 | ||